Breaktime and the school : understanding and changing playground behaviour
Αποθηκεύτηκε σε:
| Άλλοι συγγραφείς: | , |
|---|---|
| Μορφή: | Βιβλίο |
| Γλώσσα: | English |
| Δημοσίευση: |
London :
Routledge,
1994
|
| Θέματα: | |
| Ετικέτες: |
Προσθήκη ετικέτας
Δεν υπάρχουν, Καταχωρήστε ετικέτα πρώτοι!
|
MARC
| LEADER | 00000nam a2200000 i 4500 | ||
|---|---|---|---|
| 001 | 1/93390 | ||
| 008 | 991119s1994 eng d | ||
| 020 | |a 0-415-100992 | ||
| 035 | |l 10054393 | ||
| 040 | |a GR-MY-UA |b gre |e aacr | ||
| 041 | 0 | |a eng | |
| 082 | 0 | |a 371.2424 | |
| 245 | 1 | 0 | |a Breaktime and the school : |b understanding and changing playground behaviour / |c edited by Peter Blatchford, Somia Sharp |
| 260 | |a London : |b Routledge, |c 1994 | ||
| 300 | |a 205 p. | ||
| 650 | 0 | 0 | |a Recesses |x Social aspects. |
| 650 | 0 | 0 | |a Playgrounds |x Social aspects |z Great Britain. |
| 650 | 0 | 0 | |a Child psychology |z Great Britain. |
| 650 | 0 | 0 | |a School management and organization |z Great Britain. |
| 700 | 1 | |a Blatchford, Peter. |4 edt | |
| 700 | 1 | |a Sharp, Sonia |d 1961- |4 edt | |
| 852 | |a INST |b RHODES |e 19991119 |h 371.2424 BRE |p 005400012758 |q 005400012758 |t BK |y 0 | ||
| 901 | |a BIBL4-1999-3 | ||
| 909 | |a Ρ |b 069957 | ||
| 922 | |a 4ΕΛΗ |b 199910 |c ΚΠΣ/154 |d GLORY BOOKS | ||
| 970 | |a ΚΟΥΛΑΚΙΟΤΗ |b ΛΙΤΣΑ |z 1999/11/19 | ||